000 00408nam a22001697a 4500
003 0
005 20220114142513.0
008 0
020 _a9719344629
040 _c0
050 _aMLCM1692
_b2008.
245 _aYin and yang/cusi
260 _aQuezon City:
_bJamayco Publishing Incorporation;
_cc2008.
300 _a199pages:
_bwith Illustration;
_c29 cm.
650 _aPhilippine heritage
942 _2lcc
_cREF
999 _c3445
_d3445